000 02470nam0a2200397 4500
001 RU\NLR\bibl\1694695
005 20260407073442.0
010 _a978-5-238-01979-6
_910000
021 _aRU
_b2010-75889
_95051
035 _a(NLR Aleph) 001685798
090 _a1129827
_c1129827
100 _a20100715d2011 |||y0rusy50 ca
101 0 _arus
102 _aRU
105 _aa |||||||||
200 1 _aБанковское дело
_eучебник для студентов высших учебных заведений, обучающихся по экономическим специальностям, для курсантов и слушателей образовательных учреждений МВД России экономического и юридического профиля, для студентов высших учебных заведений, обучающихся по специальности "Финансы и кредит"
_f[Е.Ф. Жуков, Н.Д. Эриашвили, А.Б. Басс и др.]
_gпод ред. д.э.н., проф., акад. РАЕН Е. Ф. Жукова, д.э.н., к.ю.н., проф. Н. Д. Эриашвили
205 _a4-е изд., перераб. и доп.
210 _aМосква
_cЮНИТИ
_cЮНИТИ-ДАНА
_d2011 [т.е. 2010]
215 _a687 с.
_d22
300 _aКн. фактически издана в 2010 г.
300 _aАвт. указаны перед вып. дан.
320 _aБиблиогр.: с. 681-683 и в подстроч. прим.
606 1 _aБанковское дело
_jУчебники для высших учебных заведений
_yРоссийская Федерация
_92090184
_3RU\NLR\auth\661265175
686 _aУ26(2)210я73
701 1 _4070
_8rus
_7ca
_aЖуков
_bЕ.Ф.
_cэкономист
_f1938-
_gЕвгений Федорович
_3RU\NLR\auth\7728346
_911377
701 1 _4070
_8rus
_7ca
_aЭриашвили
_bН. Д.
_f1960-
_gНодари Дарчоевич
_3RU\NLR\AUTH\7728378
_911409
701 1 _aБасс
_bА. Б.
_4070
712 0 2 _4570
_aМеждународное банковское объединение
_3RU\NLR\AUTH\8810037307
_9573333
801 0 _aRU
_bАгентство CIP РГБ
_c20100715
_grcr
801 1 _aRU
_bАгентство CIP РГБ
_c20100715
801 1 _aRU
_bРГБ
_c20100715
801 2 _aRU
_bNLR
_c20101103
_grcr
942 _cBOOK
980 _aNB
980 _aNBR